[Event "Samara Polugaevsky Memorial 8th"]
[Site "Samara"]
[Date "2018.07.11"]
[Round "2"]
[White "Frolyanov, Dmitry"]
[Black "Natacheev, Peter"]
[Result "1-0"]
[WhiteElo "2540"]
[BlackElo "2227"]
[PlyCount "101"]
[EventDate "2018.07.10"]
[EventType "swiss"]
[EventRounds "9"]
[EventCountry "RUS"]
[SourceTitle "CBM 185 Extra"]
[Source "ChessBase"]
[SourceDate "2018.07.29"]
[SourceVersion "1"]
[SourceVersionDate "2018.07.29"]
[SourceQuality "1"]

1. e4 e5 2. Nf3 Nc6 3. Bb5 a6 4. Ba4 Nf6 5. 0-0 Be7 6. Re1 b5 7. Bb3 0-0 8. c3 d6 9. h3 Na5 10. Bc2 c5 11. d4 Qc7 12. Nbd2 cxd4 13. cxd4 Bd7 14. Nf1 Rfc8 15. Bd3 Nc6 16. Be3 Nb4 17. Rc1 Qb7 18. Bb1 Nc6 19. Qe2 Bd8 20. Rcd1 Ba5 21. N1d2 Bb6 22. Nb3 Qa7 23. Rd2 a5 24. Red1 a4 25. Na1 Rc7 26. dxe5 dxe5 27. Nc2 Rac8 28. Bxb6 Qxb6 29. Ne3 Re8 30. Rd6 Rb7 31. Nd5 Nxd5 32. R1xd5 Be6 33. Qc2 Rc7 34. Rc5 Bc4 35. Rxe5 Rec8 36. Qd2 f6 37. Rf5 Qb8 38. e5 fxe5 39. Rh5 h6 40. Nxe5 Nxe5 41. Rxe5 Rd7 42. Rxd7 Qxe5 43. Bg6 Qf6 44. Rd6 Qe7 45. a3 Rf8 46. g3 Qe5 47. h4 Qe7 48. h5 Qe5 49. Rd8 Qf6 50. Rxf8+ Kxf8 51. Qd7 1-0

[Event "RUS-chT 25th"]
[Site "Sochi"]
[Date "2018.05.08"]
[Round "7.4"]
[White "Rodshtein, Maxim"]
[Black "Natacheev, Peter"]
[Result "1-0"]
[WhiteElo "2678"]
[BlackElo "2243"]
[PlyCount "71"]
[EventDate "2018.05.01"]
[EventType "team-tourn"]
[EventRounds "9"]
[EventCountry "RUS"]
[SourceTitle "CBM 184 Extra"]
[Source "ChessBase"]
[SourceDate "2018.06.28"]
[SourceVersion "1"]
[SourceVersionDate "2018.06.28"]
[SourceQuality "1"]
[WhiteTeam "St Petersburg Bronze Horseman"]
[BlackTeam "Samara Zhiguli"]
[WhiteTeamCountry "RUS"]
[BlackTeamCountry "RUS"]

1. c4 e5 2. Nc3 Nf6 3. g3 g6 4. Bg2 Bg7 5. Nf3 d6 6. d4 Nbd7 7. 0-0 0-0 8. b3 Re8 9. e4 b6 10. d5 Nc5 11. Ne1 a5 12. Rb1 Nh5 13. Bf3 Bh3 14. Bxh5 Bxf1 15. Kxf1 gxh5 16. Qxh5 Qf6 17. Ng2 Qg6 18. Qf3 Bf6 19. h4 h5 20. Ne3 Nd7 21. Ke2 Bg7 22. Nf5 Nf6 23. Nb5 Rac8 24. Bg5 Ng4 25. Na7 Ra8 26. Nc6 Bf8 27. Rg1 f6 28. Bd2 Kf7 29. Qh1 Bh6 30. Bc3 Bg7 31. Bd2 Bh6 32. f3 Bxd2 33. fxg4 Bb4 34. g5 Qh7 35. Rf1 Kg8 36. g6 1-0

[Event "RUS-chT 25th"]
[Site "Sochi"]
[Date "2018.05.01"]
[Round "1.4"]
[White "Yuffa, Daniil"]
[Black "Natacheev, Peter"]
[Result "1-0"]
[WhiteElo "2566"]
[BlackElo "2243"]
[PlyCount "115"]
[EventDate "2018.05.01"]
[EventType "team-tourn"]
[EventRounds "9"]
[EventCountry "RUS"]
[SourceTitle "CBM 184 Extra"]
[Source "ChessBase"]
[SourceDate "2018.06.28"]
[SourceVersion "1"]
[SourceVersionDate "2018.06.28"]
[SourceQuality "1"]
[WhiteTeam "Tyumen Molodezhka"]
[BlackTeam "Samara Zhiguli"]
[WhiteTeamCountry "RUS"]
[BlackTeamCountry "RUS"]

1. d4 d5 2. c4 c6 3. Nc3 Nf6 4. Nf3 e6 5. e3 Nbd7 6. Qc2 c5 7. cxd5 exd5 8. Be2 Be7 9. 0-0 0-0 10. Rd1 c4 11. b3 cxb3 12. Qxb3 Nb6 13. a4 a5 14. Rb1 Bb4 15. Ba3 Bf5 16. Bd3 Bxd3 17. Rxd3 Bxa3 18. Qxa3 Nc4 19. Qa2 b6 20. Nxd5 Qxd5 21. Rb5 Qe6 22. d5 Qf5 23. Qxc4 Rac8 24. Qb3 Ne4 25. d6 Qf6 26. Qa3 Nxd6 27. Rxb6 Nc4 28. Qxf8+ Kxf8 29. Rxf6 Nb2 30. g3 Nxd3 31. Rd6 Rc1+ 32. Kg2 Nc5 33. Rc6 Rc3 34. Rc8+ Ke7 35. Rc7+ Kf6 36. Ra7 Nxa4 37. Rxa5 Nc5 38. Nd4 g6 39. g4 h6 40. h4 Rc4 41. f3 Rc3 42. Kf2 Kg7 43. Rb5 Nd7 44. h5 Nf6 45. hxg6 Kxg6 46. Rb6 Rc5 47. f4 Ra5 48. Kf3 Ra3 49. Nf5 Rd3 50. Nxh6 Kxh6 51. Rxf6+ Kg7 52. g5 Ra3 53. Rb6 Ra1 54. e4 Rg1 55. e5 Re1 56. Kg4 Re4 57. Kf5 Ra4 58. g6 1-0

[Event "Samara Polugaevsky Memorial 7th"]
[Site "Samara"]
[Date "2017.07.14"]
[Round "7"]
[White "Natacheev, Peter"]
[Black "Kavyev, Ruslan"]
[Result "1-0"]
[WhiteElo "2297"]
[BlackElo "2068"]
[PlyCount "113"]
[EventDate "2017.07.08"]
[EventType "swiss"]
[EventRounds "9"]
[EventCountry "RUS"]
[SourceTitle "EXT 2018"]
[Source "ChessBase"]
[SourceDate "2017.10.13"]
[SourceVersion "1"]
[SourceVersionDate "2017.10.13"]
[SourceQuality "1"]

1. e4 c5 2. Nf3 d6 3. c3 Nf6 4. h3 Nbd7 5. Bd3 b6 6. Bc2 Bb7 7. Qe2 Qc7 8. d3 e6 9. 0-0 Rc8 10. a4 a6 11. Na3 Be7 12. Bf4 Qc6 13. Rfe1 0-0 14. Rac1 Rfd8 15. d4 d5 16. e5 Ne4 17. Nh2 Nf8 18. Nf1 cxd4 19. cxd4 Bxa3 20. Bxe4 Qxa4 21. Bg5 Bb4 22. Bc2 Qd7 23. Bxd8 Bxe1 24. Bxb6 Bb4 25. Ne3 Qb5 26. Qxb5 axb5 27. Ra1 Ra8 28. Rxa8 Bxa8 29. Bd3 Nd7 30. Bc7 Bc6 31. Kf1 Bd2 32. Nc2 Nf8 33. Bd6 Bc1 34. Ba3 f6 35. exf6 gxf6 36. Nb4 Be8 37. Ke2 Ng6 38. g3 Ne7 39. Na2 b4 40. Nxc1 bxa3 41. bxa3 Ba4 42. f4 Nc6 43. Ke3 e5 44. fxe5 fxe5 45. dxe5 Nxe5 46. Kd4 Nxd3 47. Nxd3 Bb5 48. Ne5 Kg7 49. Kxd5 Kf6 50. Ng4+ Kg5 51. Ne3 h5 52. h4+ Kf6 53. Ke4 Ke6 54. Nf5 Bc6+ 55. Kf4 Kf6 56. Nd4 Ba4 57. Ne2 1-0

[Event "RUS-chT 24th"]
[Site "Sochi"]
[Date "2017.05.07"]
[Round "5.3"]
[White "Natacheev, Peter"]
[Black "Korobov, Anton"]
[Result "0-1"]
[WhiteElo "2296"]
[BlackElo "2688"]
[PlyCount "74"]
[EventDate "2017.05.01"]
[EventType "team-swiss"]
[EventRounds "7"]
[EventCountry "RUS"]
[SourceTitle "CBM 178"]
[Source "ChessBase"]
[SourceDate "2017.05.14"]
[SourceVersion "1"]
[SourceVersionDate "2017.05.14"]
[SourceQuality "1"]
[WhiteTeam "Samara Zhiguli"]
[BlackTeam "Novosibirsk Siberia"]
[WhiteTeamCountry "RUS"]
[BlackTeamCountry "RUS"]

1. d4 g6 2. Nf3 Bg7 3. g3 Nf6 4. Bg2 0-0 5. 0-0 d6 6. c4 Nc6 7. b3 e5 8. dxe5 dxe5 9. Bb2 e4 10. Ng5 Bf5 11. Nc3 h6 12. Nh3 Ne5 13. Nb5 Nfd7 14. Nd4 Bxh3 15. Bxh3 Qe7 16. Qc2 f5 17. Rad1 a6 18. Qc1 Rf7 19. Bg2 Nf6 20. Qa1 Re8 21. a4 h5 22. Ba3 c5 23. Nc2 h4 24. Bb2 hxg3 25. hxg3 Nh5 26. e3 Qg5 27. Bxe5 Bxe5 28. Qc1 Rh7 29. Rd5 Nf6 30. Rxc5 Bxg3 31. fxg3 Qxg3 32. Rf4 Ng4 33. Rxg4 fxg4 34. Qd2 Qh2+ 35. Kf1 Rf8+ 36. Ke1 Qg1+ 37. Ke2 Rf2# 0-1

[Event "RUS-chT 24th"]
[Site "Sochi"]
[Date "2017.05.05"]
[Round "4.2"]
[White "Chigaev, Maksim"]
[Black "Natacheev, Peter"]
[Result "1-0"]
[WhiteElo "2559"]
[BlackElo "2296"]
[PlyCount "89"]
[EventDate "2017.05.01"]
[EventType "team-swiss"]
[EventRounds "7"]
[EventCountry "RUS"]
[SourceTitle "CBM 178"]
[Source "ChessBase"]
[SourceDate "2017.05.14"]
[SourceVersion "1"]
[SourceVersionDate "2017.05.14"]
[SourceQuality "1"]
[WhiteTeam "Central Federal District"]
[BlackTeam "Samara Zhiguli"]
[WhiteTeamCountry "RUS"]
[BlackTeamCountry "RUS"]

1. Nf3 d5 2. g3 Nf6 3. Bg2 g6 4. 0-0 Bg7 5. d3 0-0 6. Nbd2 c5 7. e4 dxe4 8. dxe4 Nc6 9. c3 b6 10. Re1 e5 11. Nc4 Qc7 12. Ne3 Bb7 13. Nd2 Rad8 14. Qc2 Ne7 15. a4 Ba6 16. b3 Bd3 17. Qa2 a5 18. Ba3 Nc6 19. Rad1 Ba6 20. Qc2 Bd3 21. Qc1 Rfe8 22. Bb2 Ba6 23. Qa1 Rd7 24. Ndc4 Red8 25. Rxd7 Rxd7 26. Nd5 Nxd5 27. exd5 Nb8 28. d6 Qd8 29. Nxe5 Rxd6 30. c4 Bc8 31. Bd5 Be6 32. Nxf7 Kxf7 33. Rxe6 Rxe6 34. Bxg7 Nd7 35. Bxe6+ Kxe6 36. Qd1 Qg5 37. Bc3 Qf5 38. f3 Ke7 39. Kg2 Nf8 40. g4 Qf4 41. Qd5 Ne6 42. Be5 Qf7 43. Qb7+ Ke8 44. Qb8+ Nd8 45. Bc7 1-0

[Event "RUS-chT 24th"]
[Site "Sochi"]
[Date "2017.05.04"]
[Round "3.4"]
[White "Palchun, Grigory"]
[Black "Natacheev, Peter"]
[Result "1/2-1/2"]
[WhiteElo "2354"]
[BlackElo "2296"]
[PlyCount "79"]
[EventDate "2017.05.01"]
[EventType "team-swiss"]
[EventRounds "7"]
[EventCountry "RUS"]
[SourceTitle "CBM 178"]
[Source "ChessBase"]
[SourceDate "2017.05.14"]
[SourceVersion "1"]
[SourceVersionDate "2017.05.14"]
[SourceQuality "1"]
[WhiteTeam "St Petersburg SHSH"]
[BlackTeam "Samara Zhiguli"]
[WhiteTeamCountry "RUS"]
[BlackTeamCountry "RUS"]

1. e4 e5 2. Nf3 Nc6 3. Bb5 Nf6 4. d3 Bc5 5. Bxc6 dxc6 6. Qe2 Qe7 7. 0-0 h6 8. Nc3 0-0 9. Be3 Re8 10. Bxc5 Qxc5 11. Nd1 Nh5 12. Ne3 Nf4 13. Qd2 Qd6 14. g3 Ng6 15. Kh1 Bh3 16. Rfe1 Rad8 17. Qe2 c5 18. Nd2 Be6 19. Qh5 b5 20. b3 Ne7 21. f4 exf4 22. gxf4 Qxf4 23. Qxc5 Qf2 24. Qc3 Ng6 25. Ng2 Bh3 26. Rg1 Ne5 27. Raf1 Ng4 28. d4 Rxe4 29. Qxh3 Qxd2 30. Qf3 Qxd4 31. Qxf7+ Kh8 32. Nf4 Ne3 33. Rg6 Rd6 34. c3 Qe5 35. Rxd6 Qxd6 36. Ng6+ Kh7 37. Nf8+ Kh8 38. Ng6+ Kh7 39. Nf8+ Kh8 40. Ng6+ 1/2-1/2

[Event "Samara Polugaevsky Memorial 6th"]
[Site "Samara"]
[Date "2016.07.06"]
[Round "4"]
[White "Natacheev, Peter"]
[Black "Asanov, Almaz"]
[Result "1-0"]
[WhiteElo "2371"]
[BlackElo "2126"]
[PlyCount "116"]
[EventDate "2016.07.03"]
[EventType "swiss"]
[EventRounds "9"]
[EventCountry "RUS"]
[SourceTitle "EXT 2019"]
[Source "ChessBase"]
[SourceDate "2018.10.10"]
[SourceVersion "1"]
[SourceVersionDate "2018.10.10"]
[SourceQuality "1"]

1. e4 c6 2. d4 d5 3. Nc3 dxe4 4. Nxe4 Bf5 5. Ng3 Bg6 6. Nf3 e6 7. Ne5 Nd7 8. Nxg6 hxg6 9. Bd3 Ngf6 10. c3 Bd6 11. Ne4 Nxe4 12. Bxe4 Nf6 13. Bf3 e5 14. dxe5 Bxe5 15. Qxd8+ Rxd8 16. Be3 a6 17. Rd1 Rxd1+ 18. Kxd1 Kd7 19. h3 Ke6 20. Re1 Re8 21. Kc2 Kd7 22. g3 Bd6 23. Bd2 Rxe1 24. Bxe1 Bc5 25. Kd3 Kd6 26. Bd1 Nd7 27. f4 Bg1 28. b4 c5 29. Bb3 f6 30. Bf7 g5 31. Ke4 gxf4 32. gxf4 cxb4 33. cxb4 Nf8 34. Kf5 Bd4 35. h4 Ba1 36. h5 Bd4 37. Ke4 Bg1 38. Bc3 Nd7 39. Kf5 Nf8 40. h6 gxh6 41. Bxf6 Nd7 42. Bg7 Be3 43. Bxh6 Bd2 44. a3 Bc1 45. a4 Ke7 46. Be6 Nf8 47. Bc4 b5 48. Bxf8+ Kxf8 49. Bxb5 axb5 50. a5 Ke7 51. a6 Be3 52. Ke4 Bb6 53. Kd5 Kd7 54. f5 Kc8 55. Kc6 Bd4 56. Kxb5 Kc7 57. Kc4 Bb6 58. Kd5 Kd7 1-0

[Event "Samara Polugaevsky Memorial 6th"]
[Site "Samara"]
[Date "2016.07.03"]
[Round "1"]
[White "Asatryan, Gor"]
[Black "Natacheev, Peter"]
[Result "0-1"]
[WhiteElo "1956"]
[BlackElo "2371"]
[PlyCount "66"]
[EventDate "2016.07.03"]
[EventType "swiss"]
[EventRounds "9"]
[EventCountry "RUS"]
[SourceTitle "EXT 2019"]
[Source "ChessBase"]
[SourceDate "2018.10.10"]
[SourceVersion "1"]
[SourceVersionDate "2018.10.10"]
[SourceQuality "1"]

1. e4 d5 2. exd5 Qxd5 3. Nc3 Qa5 4. Bc4 Nf6 5. Nf3 Bg4 6. h3 Bh5 7. d3 c6 8. Bd2 Qc7 9. Qe2 Nbd7 10. 0-0-0 Bxf3 11. Qxf3 e6 12. Rhe1 0-0-0 13. d4 Nb6 14. Bf4 Bd6 15. Bxd6 Rxd6 16. Bb3 Rhd8 17. Ne2 c5 18. dxc5 Qxc5 19. Qc3 Rxd1+ 20. Rxd1 Rxd1+ 21. Kxd1 Qxc3 22. Nxc3 Kd7 23. Ke2 Kc6 24. Kd3 Nfd5 25. Nxd5 Nxd5 26. Bxd5+ Kxd5 27. f4 b5 28. a3 a5 29. b3 f6 30. g4 g5 31. fxg5 fxg5 32. c3 a4 33. c4+ bxc4+ 0-1

[Event "RUS-chT2"]
[Site "Sochi"]
[Date "2016.05.05"]
[Round "5.5"]
[White "Natacheev, Peter"]
[Black "Usmanov, Vasily"]
[Result "1/2-1/2"]
[WhiteElo "2361"]
[BlackElo "2436"]
[PlyCount "67"]
[EventDate "2016.05.01"]
[EventType "team-swiss"]
[EventRounds "9"]
[EventCountry "RUS"]
[SourceTitle "EXT 2018"]
[Source "ChessBase"]
[SourceDate "2017.10.13"]
[SourceVersion "1"]
[SourceVersionDate "2017.10.13"]
[SourceQuality "1"]
[WhiteTeam "Samara Zhiguli II"]
[BlackTeam "St Petersburg SHSH"]
[WhiteTeamCountry "RUS"]
[BlackTeamCountry "RUS"]

1. e4 e6 2. d4 d5 3. exd5 exd5 4. Nf3 Bd6 5. Bd3 Ne7 6. 0-0 0-0 7. Nc3 c6 8. Ne2 Bf5 9. Bf4 Bxf4 10. Nxf4 Qd6 11. Bxf5 Nxf5 12. Nd3 Nd7 13. Re1 Rae8 14. Qd2 Re4 15. c3 f6 16. Re2 Rfe8 17. Rae1 Kf8 18. Qd1 Rxe2 19. Rxe2 Rxe2 20. Qxe2 Qe7 21. Kf1 Qxe2+ 22. Kxe2 Ke7 23. Nd2 b6 24. b4 Nd6 25. f3 Nf8 26. Nf1 Ne6 27. Ne3 h5 28. h4 Kd7 29. a4 a6 30. Kd2 Ke7 31. Ke2 Kd7 32. Kd2 Ke7 33. Ke2 Kd7 34. Kd2 1/2-1/2

[Event "RUS-chT2"]
[Site "Sochi"]
[Date "2016.05.02"]
[Round "2.7"]
[White "Nechaev, Oleg"]
[Black "Natacheev, Peter"]
[Result "1/2-1/2"]
[WhiteElo "2343"]
[BlackElo "2361"]
[PlyCount "141"]
[EventDate "2016.05.01"]
[EventType "team-swiss"]
[EventRounds "9"]
[EventCountry "RUS"]
[SourceTitle "EXT 2018"]
[Source "ChessBase"]
[SourceDate "2017.10.13"]
[SourceVersion "1"]
[SourceVersionDate "2017.10.13"]
[SourceQuality "1"]
[WhiteTeam "Stavropol Region"]
[BlackTeam "Samara Zhiguli II"]
[WhiteTeamCountry "RUS"]
[BlackTeamCountry "RUS"]

1. d4 d5 2. c4 e6 3. Nc3 Nf6 4. cxd5 exd5 5. Bg5 Nbd7 6. e3 c6 7. Bd3 h6 8. Bh4 Bb4 9. Qc2 0-0 10. Nf3 Re8 11. 0-0 Qa5 12. Rfc1 Bd6 13. a3 a6 14. b4 Qd8 15. Rab1 Nf8 16. a4 Bg4 17. Nd2 Bd7 18. Nf1 Rc8 19. a5 Be7 20. Bg3 Nh5 21. Na4 Nxg3 22. Nxg3 Bd6 23. Nc5 Rc7 24. Bf5 Bxg3 25. hxg3 Bxf5 26. Qxf5 Ne6 27. Nd3 Ng5 28. Nf4 Ne4 29. Rc2 Rce7 30. Qh5 Qd6 31. Nd3 Qf6 32. Qf3 Qg6 33. Rbc1 Nd6 34. Nf4 Qe4 35. Qxe4 Rxe4 36. Nd3 R4e7 37. Nc5 Nb5 38. g4 f6 39. Kh2 Kf7 40. Kg3 Nd6 41. Kf3 Kg6 42. Rh1 Nb5 43. Rh5 Kf7 44. Rc1 Nd6 45. Ke2 Ne4 46. Nxe4 Rxe4 47. Kf3 R8e6 48. Rc3 Kg6 49. Kg3 Re7 50. Rh1 Kf7 51. Ra1 R4e6 52. Rc5 Rd6 53. Kf3 Re4 54. Rc3 Kg6 55. Rh1 Rde6 56. Rd3 Re7 57. Kg3 Kg5 58. Rh5+ Kg6 59. Rf5 Kf7 60. Rh5 Kg6 61. Kf3 Re8 62. g3 R8e7 63. Rh4 Kg5 64. Rc3 Kg6 65. Rh5 Kf7 66. Rh1 Rd7 67. Rc5 Rde7 68. Ra1 Rd7 69. Rh1 Rde7 70. Rh5 Rd7 71. Rh4 1/2-1/2

[Event "Moscow op-A"]
[Site "Moscow"]
[Date "2016.02.04"]
[Round "6"]
[White "Natacheev, Peter"]
[Black "Kostenko, Petr"]
[Result "0-1"]
[WhiteElo "2341"]
[BlackElo "2449"]
[PlyCount "176"]
[EventDate "2016.01.30"]
[EventType "swiss"]
[EventRounds "9"]
[EventCountry "RUS"]
[SourceTitle "CBM 170 Extra"]
[Source "ChessBase"]
[SourceDate "2016.02.25"]
[SourceVersion "1"]
[SourceVersionDate "2016.02.25"]
[SourceQuality "1"]

1. d4 e6 2. c4 b6 3. Nf3 Bb7 4. e3 f5 5. Bd3 Nf6 6. 0-0 g6 7. b3 Bg7 8. Bb2 0-0 9. Nbd2 c5 10. Qc2 Nc6 11. a3 Qc7 12. Rfd1 Rac8 13. Rac1 cxd4 14. exd4 Qf4 15. Re1 Ng4 16. g3 Qh6 17. h4 f4 18. Qd1 fxg3 19. fxg3 Nxd4 20. Bxd4 Bxd4+ 21. Nxd4 Nf2 22. Qe2 g5 23. Bf5 Nh1 24. Bxe6+ dxe6 25. Qxe6+ Qxe6 26. Nxe6 Rfe8 27. Rc3 Rc6 28. Rce3 Nxg3 29. Rxg3 Rcxe6 30. Rxe6 Rxe6 31. Rxg5+ Kf7 32. Kf2 h6 33. Rg4 Re5 34. Rf4+ Ke6 35. b4 Rf5 36. Ke3 Ba6 37. Rd4 Re5+ 38. Ne4 Bb7 39. Kd3 Ba8 40. Rd6+ Kf5 41. Nc3 h5 42. Rd4 Re1 43. c5 Ra1 44. a4 bxc5 45. bxc5 Rh1 46. Nb5 Ke5 47. Nc3 Bg2 48. Rd7 a6 49. Rg7 Rh3+ 50. Kd2 Bf3 51. Rg5+ Kd4 52. Ne2+ Kc4 53. Ng1 Rh2+ 54. Ke3 Bg4 55. c6 Rc2 56. a5 Kb4 57. Re5 Rg2 58. c7 Rc2 59. Kd3 Rc3+ 60. Kd2 Rxc7 61. Ne2 Bxe2 62. Kxe2 Rc5 63. Rg5 Rxa5 64. Kd3 Rc5 65. Rg6 a5 66. Rb6+ Rb5 67. Rh6 Rd5+ 68. Kc2 Kc4 69. Kb2 Kd4 70. Kb3 Rc5 71. Re6 Kd3 72. Ka4 Rf5 73. Re8 Kd4 74. Kb3 Re5 75. Rf8 Ke4 76. Kc4 Rf5 77. Rg8 Ke3 78. Rg3+ Kf4 79. Rg8 Kf3 80. Kd3 a4 81. Rg5 Kf4 82. Rg1 Ra5 83. Kc2 Re5 84. Kb2 Re2+ 85. Ka3 Rh2 86. Kxa4 Rxh4 87. Rg8 Rg4 88. Rh8 h4 0-1

[Event "Samara Polugaevsky Memorial 5th"]
[Site "Samara"]
[Date "2015.07.08"]
[Round "6"]
[White "Natacheev, Peter"]
[Black "Tunik, Gennady"]
[Result "0-1"]
[WhiteElo "2349"]
[BlackElo "2423"]
[PlyCount "76"]
[EventDate "2015.07.03"]
[EventType "swiss"]
[EventRounds "9"]
[EventCountry "RUS"]
[SourceTitle "EXT 2017"]
[Source "ChessBase"]
[SourceDate "2016.10.25"]
[SourceVersion "1"]
[SourceVersionDate "2016.10.25"]
[SourceQuality "1"]

1. e4 c5 2. Nf3 e6 3. c3 Nf6 4. e5 Nd5 5. Bc4 d6 6. d4 cxd4 7. Bxd5 exd5 8. cxd4 Nc6 9. 0-0 Be7 10. Nc3 dxe5 11. dxe5 Be6 12. Bf4 0-0 13. Qd2 Qa5 14. a3 Rfd8 15. b4 Qb6 16. Rac1 d4 17. Ne4 a5 18. Nd6 axb4 19. axb4 Qxb4 20. Qxb4 Nxb4 21. Rfd1 Na2 22. Rc7 Nc3 23. Re1 Nd5 24. Rxe7 Nxe7 25. Nxd4 Rd7 26. h3 h6 27. Nxe6 fxe6 28. Rb1 Nd5 29. Bg3 b6 30. f4 Rda7 31. Kh2 Ra1 32. Rb5 Rd1 33. f5 Ne3 34. Bf2 Nf1+ 35. Kg1 exf5 36. Rxb6 f4 37. g4 fxg3 38. Bc5 Ne3# 0-1

[Event "Samara Polugaevsky Memorial 5th"]
[Site "Samara"]
[Date "2015.07.03"]
[Round "1"]
[White "Privorotsky, Oleg1111"]
[Black "Natacheev, Peter"]
[Result "0-1"]
[WhiteElo "1958"]
[BlackElo "2349"]
[PlyCount "80"]
[EventDate "2015.07.03"]
[EventType "swiss"]
[EventRounds "9"]
[EventCountry "RUS"]
[SourceTitle "EXT 2017"]
[Source "ChessBase"]
[SourceDate "2016.10.25"]
[SourceVersion "1"]
[SourceVersionDate "2016.10.25"]
[SourceQuality "1"]

1. e4 c5 2. Nf3 d6 3. c3 Nf6 4. h3 Nc6 5. Bd3 e5 6. Bc2 d5 7. exd5 Qxd5 8. 0-0 e4 9. Re1 Be6 10. Nh2 Ne5 11. Bxe4 Nxe4 12. Qa4+ b5 13. Qxe4 Qxe4 14. Rxe4 Nd3 15. Na3 a6 16. Nc2 0-0-0 17. Nf3 Bd6 18. Ne3 h6 19. b3 Rhe8 20. Nf1 Bd5 21. Re3 Be4 22. Ne1 c4 23. Nxd3 Bxd3 24. bxc4 bxc4 25. a4 Bc5 26. Rxe8 Rxe8 27. Ne3 Kd7 28. Ba3 Kd6 29. Bxc5+ Kxc5 30. f3 f5 31. Ra2 Rb8 32. Kf2 Bb1 33. Ra1 f4 34. Nd1 Bc2 35. Ke1 Re8+ 36. Kf2 Bd3 37. Nb2 Re2+ 38. Kg1 Rxd2 39. Nd1 Rc2 40. Rb1 Ra2 0-1

[Event "Moscow op-A"]
[Site "Moscow"]
[Date "2015.02.07"]
[Round "8"]
[White "Tologontegin, Semetey"]
[Black "Natacheev, Peter"]
[Result "1-0"]
[WhiteElo "2404"]
[BlackElo "2308"]
[PlyCount "105"]
[EventDate "2015.01.31"]
[EventType "swiss"]
[EventRounds "9"]
[EventCountry "RUS"]
[SourceTitle "CBM 164 Extra"]
[Source "ChessBase"]
[SourceDate "2015.03.02"]
[SourceVersion "1"]
[SourceVersionDate "2015.03.02"]
[SourceQuality "1"]

1. d4 d5 2. Bf4 Nf6 3. e3 c6 4. c4 Bf5 5. Nc3 e6 6. Qb3 Qb6 7. c5 Qxb3 8. axb3 Nbd7 9. h3 a6 10. b4 Rc8 11. Nf3 h6 12. Nd2 Be7 13. Nb3 Bd8 14. Na5 Bxa5 15. bxa5 0-0 16. Bd6 Rfd8 17. Ra4 b5 18. axb6 Nxb6 19. Rxa6 Nc4 20. Bxc4 dxc4 21. Kd2 Ra8 22. Rha1 Rxa6 23. Rxa6 Rc8 24. f3 Bd3 25. h4 Nd5 26. Nxd5 exd5 27. g4 h5 28. b4 Bf1 29. Kc3 hxg4 30. fxg4 Bh3 31. Rxc6 Rxc6 32. b5 Bxg4 33. bxc6 f6 34. e4 dxe4 35. d5 Kf7 36. Bf4 Ke7 37. Kxc4 Kd8 38. Kd4 Bf3 39. Bd2 e3 40. Bxe3 Kc8 41. Bf4 g5 42. Bh2 gxh4 43. c7 f5 44. Bf4 h3 45. c6 h2 46. Bxh2 f4 47. Kc5 Kxc7 48. d6+ Kd8 49. d7 Bg4 50. Kd6 Bxd7 51. cxd7 f3 52. Bf4 f2 53. Bg5# 1-0

[Event "Moscow op-A"]
[Site "Moscow"]
[Date "2015.02.02"]
[Round "3"]
[White "Natacheev, Peter"]
[Black "Nikologorskiy, Konstantin"]
[Result "1-0"]
[WhiteElo "2308"]
[BlackElo "2414"]
[PlyCount "91"]
[EventDate "2015.01.31"]
[EventType "swiss"]
[EventRounds "9"]
[EventCountry "RUS"]
[SourceTitle "CBM 164 Extra"]
[Source "ChessBase"]
[SourceDate "2015.03.02"]
[SourceVersion "1"]
[SourceVersionDate "2015.03.02"]
[SourceQuality "1"]

1. e4 c5 2. c3 Nf6 3. e5 Nd5 4. d4 cxd4 5. Qxd4 e6 6. Nf3 Nc6 7. Qe4 d6 8. exd6 Bxd6 9. Bd3 f5 10. Qe2 0-0 11. Bc4 Re8 12. 0-0 Nf4 13. Bxf4 Bxf4 14. Na3 a6 15. Nc2 b5 16. Bb3 Na5 17. Ncd4 Nxb3 18. axb3 Qf6 19. Rfe1 e5 20. Nxb5 e4 21. Nbd4 Bb7 22. Nd2 Be5 23. Ra4 Rad8 24. Rb4 Bd5 25. Ra1 Qh4 26. g3 Qh3 27. Nc4 f4 28. Nxe5 Rxe5 29. Qf1 Qh5 30. Ne2 Rf8 31. c4 e3 32. fxe3 Bf3 33. Nxf4 Rxf4 34. gxf4 Re6 35. Kf2 Bc6 36. Rb8+ Kf7 37. Ke1 Rxe3+ 38. Kd2 Qc5 39. Rxa6 Re6 40. Rxc6 Qxc6 41. Rd8 Qe4 42. Rd7+ Kg8 43. Kc3 Rh6 44. Qd3 Qe1+ 45. Qd2 Rh3+ 46. Kb4 1-0

[Event "Moscow op-A"]
[Site "Moscow"]
[Date "2015.01.31"]
[Round "1"]
[White "Natacheev, Peter"]
[Black "Kryakvin, Dmitry"]
[Result "1-0"]
[WhiteElo "2308"]
[BlackElo "2548"]
[PlyCount "119"]
[EventDate "2015.01.31"]
[EventType "swiss"]
[EventRounds "9"]
[EventCountry "RUS"]
[SourceTitle "CBM 164 Extra"]
[Source "ChessBase"]
[SourceDate "2015.03.02"]
[SourceVersion "1"]
[SourceVersionDate "2015.03.02"]
[SourceQuality "1"]

1. e4 c5 2. Nf3 Nc6 3. d4 cxd4 4. Nxd4 Nf6 5. Nc3 d6 6. Bg5 e6 7. Qd2 h6 8. Bxf6 gxf6 9. 0-0-0 a6 10. f4 Qb6 11. Nb3 Bd7 12. Be2 h5 13. Bf3 h4 14. Kb1 0-0-0 15. Bg4 Kb8 16. Rhf1 Na5 17. Nxa5 Qxa5 18. f5 Qe5 19. Qf4 Be7 20. Rd3 Bc8 21. h3 Rd7 22. Ne2 Rc7 23. g3 Rc4 24. Nc3 hxg3 25. Qxg3 Qxg3 26. Rxg3 b5 27. b3 Rc5 28. a3 Re5 29. Rd3 Bb7 30. Rf4 a5 31. Rd4 Rc8 32. Kb2 Bf8 33. b4 axb4 34. axb4 Be7 35. Kb3 d5 36. Nxb5 dxe4 37. c4 Rxb5 38. cxb5 e5 39. Rfxe4 Rc1 40. Kb2 Rf1 41. Re2 exd4 42. Rxe7 Bd5 43. Rd7 Rf2+ 44. Kc1 Be4 45. Rxf7 d3 46. Rxf6 Kc7 47. b6+ Kb7 48. Kd1 d2 49. Rd6 Bxf5 50. Rxd2 Rf4 51. Bxf5 Rxf5 52. Rd4 Kxb6 53. h4 Kb5 54. Ke2 Rh5 55. Kf3 Rh8 56. Kg4 Rg8+ 57. Kf5 Rh8 58. Kg6 Rg8+ 59. Kf7 Rg1 60. h5 1-0

[Event "Samara Polugaevsky Memorial 4th"]
[Site "Samara"]
[Date "2014.07.10"]
[Round "9"]
[White "Baltabaev, Temirlan"]
[Black "Natacheev, Peter"]
[Result "0-1"]
[WhiteElo "2144"]
[BlackElo "2246"]
[PlyCount "116"]
[EventDate "2014.07.02"]
[EventType "swiss"]
[EventRounds "9"]
[EventCountry "RUS"]
[SourceTitle "CBM 161 Extra"]
[Source "ChessBase"]
[SourceDate "2014.08.29"]
[SourceVersion "1"]
[SourceVersionDate "2014.08.29"]
[SourceQuality "1"]

1. d4 g6 2. Nf3 Bg7 3. g3 Nf6 4. Bg2 0-0 5. c4 c6 6. 0-0 d5 7. Nbd2 Ne4 8. b3 c5 9. Bb2 cxd4 10. Nxe4 dxe4 11. Nxd4 f5 12. Bc3 Bd7 13. Qd2 Nc6 14. Rad1 Ne5 15. Qb2 Qc7 16. Nc2 Bc6 17. Nb4 e6 18. Nxc6 Nxc6 19. Bxg7 Qxg7 20. Qxg7+ Kxg7 21. Rd7+ Rf7 22. Rfd1 Ne5 23. R7d6 Kf6 24. f3 exf3 25. exf3 g5 26. c5 Rc7 27. Re1 Re8 28. b4 a5 29. a3 axb4 30. axb4 Nc6 31. Rb1 f4 32. Bh3 Ne5 33. gxf4 gxf4 34. Kf2 Nf7 35. Rb6 Rd7 36. Rb2 Ne5 37. Bf1 Ra8 38. Bb5 Rg7 39. Rd2 Ra3 40. Be2 Kf5 41. Rbd6 Ra1 42. Rd8 Rh1 43. Rf8+ Kg5 44. Kg2 Rb1 45. Rd4 Ng6 46. Rfd8 Nh4+ 47. Kf2 Rh1 48. R8d7 Rxh2+ 49. Ke1 Rg8 50. Rd8 Rg6 51. R4d7 Kf6 52. Kd2 Nxf3+ 53. Kc3 Rxe2 54. Rxb7 Rg3 55. Kc4 Ke5 56. Rxh7 Rc2+ 57. Kb5 Nd4+ 58. Kb6 Rb3 0-1